000 00775nam a22002177a 4500
005 20250430150940.0
008 250430b |||||||| |||| 00| 0 eng d
020 _a0-9946104-2-4 (hbk)
037 _cTB
040 _aCRL
_cCRL
041 _2Pun
_aPun
084 _aY:351.243 153Q7
_qCRL
100 _aਕੌਰ, ਅਸਵਿੰਦਰ
_9753589
245 _aਲਾਵਾਂ
260 _aਅੰਮ੍ਰਿਤਸਰ, ਭਾਰਤ:
_bਨਾਦ ਪ੍ਰਗਾਸੁ,
_c2017.
300 _a144 ਪ.
365 _b375.00
_cINR
650 _2ਸੋਸ਼ਿਯੋਲੋਜੀ
942 _2CC
_cTB
_hY:351.243 153Q7
_n0
999 _c1309844
_d1309844